Acciones de transformación del siglo XXI : (Record no. 162805)

MARC details
000 -CABECERA
campo de control de longitud fija 00728nam a2200205 u 4500
005 - FECHA Y HORA DE LA ÚLTIMA TRANSACCIÓN
campo de control 20240924065432.0
008 - ELEMENTOS DE LONGITUD FIJA--INFORMACIÓN GENERAL
campo de control de longitud fija 130417s2004 r 000 0 eng d
020 ## - NÚMERO INTERNACIONAL NORMALIZADO PARA LIBROS
Número Internacional Estándar del Libro 9706921508
035 ## - NÚMERO DE CONTROL DEL SISTEMA
Número de control de sistema UPN01000190702
049 ## - COLECCIÓN
Colección CG
050 #4 - SIGNATURA TOPOGRÁFICA DE LA BIBLIOTECA DEL CONGRESO
Número de clasificación LB2325
Número de documento/Ítem A2.2
245 00 - MENCIÓN DE TÍTULO
Título Acciones de transformación del siglo XXI :
Resto del título educación superior en el Centro Occidente de México : 2000-2003 /
Mención de responsabilidad, etc. Carlos Salazar Silva ... [ et al.].
260 ## - PUBLICACIÓN, DISTRIBUCIÓN, ETC.
Lugar de publicación, distribución, etc. México :
Nombre del editor, distribuidor, etc. ANUIES :
-- Universidad de Colima,
Fecha de publicación, distribución, etc. 2004.
300 ## - DESCRIPCIÓN FÍSICA
Extensión 78 p. :
Otras características físicas figs., gráficas
440 #0 - MENCIÓN DE SERIE/ASIENTO SECUNDARIO--TÍTULO
Título Biblioteca Regional de la Educación Superior
650 #4 - ASIENTO SECUNDARIO DE MATERIA - TERMINO TEMATICO
Término de materia o nombre geográfico como elemento de entrada Educación superior
Subdivisión geográfica México
9 (RLIN) 4968
700 1# - ASIENTO SECUNDARIO--NOMBRE DE PERSONAL
Nombre de persona Salazar Silva, Carlos,
Término indicativo de función/relación coaut.
905 ## - TIPO DE MATERIAL
Tipo de material Libro
Holdings
Estado de retiro Estado de pérdida Fuente del sistema de clasificación o colocación Estado dañado No para préstamo Código de colección Localización permanente Ubicación/localización actual Ubicación en estantería Total de préstamos Clasificación Código de barras Fecha visto por última vez Número de copia Tipo de ítem Koha
    Library of Congress Classification     Colección General Bib. Gregorio Torres Quintero Bib. Gregorio Torres Quintero Planta baja   LB2325 A2.2 287729 31/12/2020 1 Libro